[Event "Sochi ChessAmateur op"]
[Site "Sochi"]
[Date "2018.04.06"]
[Round "8"]
[White "Piskunov, Alexandr"]
[Black "Dudin, Gleb"]
[Result "1/2-1/2"]
[WhiteElo "2284"]
[BlackElo "2196"]
[PlyCount "105"]
[EventDate "2018.04.01"]
[EventType "swiss"]
[EventRounds "9"]
[EventCountry "RUS"]
[SourceTitle "CBM 184 Extra"]
[Source "ChessBase"]
[SourceDate "2018.06.28"]
[SourceVersion "1"]
[SourceVersionDate "2018.06.28"]
[SourceQuality "1"]

1. d4 Nf6 2. Bg5 e6 3. Nd2 d5 4. c3 Nbd7 5. Ngf3 Be7 6. e3 0-0 7. Bd3 b6 8. Ne5 Nxe5 9. dxe5 Nd7 10. Bxe7 Qxe7 11. f4 Bb7 12. Nf3 f6 13. exf6 Qxf6 14. Qa4 c6 15. 0-0 e5 16. fxe5 Nxe5 17. Nxe5 Qxe5 18. Rxf8+ Rxf8 19. Re1 Qf6 20. Rf1 Qe7 21. Rxf8+ Kxf8 22. Kf2 Qf7+ 23. Ke1 a5 24. Qh4 Qe7 25. Qxe7+ Kxe7 26. Bxh7 c5 27. g3 b5 28. a3 Kf6 29. b4 axb4 30. axb4 c4 31. Kf2 Bc6 32. Bc2 Ke5 33. g4 Bd7 34. Kg3 Be6 35. h4 Bd7 36. h5 Be6 37. g5 Bf7 38. h6 gxh6 39. gxh6 Kf6 40. Kf4 Be6 41. h7 Kg7 42. Ke5 Bf7 43. Kd6 Kh8 44. Kc5 Be8 45. Kxd5 Bf7+ 46. Kc5 Be8 47. Bf5 Kg7 48. e4 Kh8 49. e5 Kg7 50. e6 Kh8 51. e7 Kg7 52. Be4 Kh8 53. Bc6 1/2-1/2

[Event "Krasnoyarsk Marchko Memorial"]
[Site "Krasnoyarsk"]
[Date "2015.12.27"]
[Round "9"]
[White "Piskunov, Alexandr"]
[Black "Lapin, Petr"]
[Result "1-0"]
[WhiteElo "2303"]
[BlackElo "2143"]
[PlyCount "105"]
[EventDate "2015.12.19"]
[EventType "tourn"]
[EventRounds "9"]
[EventCountry "RUS"]
[SourceTitle "EXT 2018"]
[Source "ChessBase"]
[SourceDate "2017.10.13"]
[SourceVersion "1"]
[SourceVersionDate "2017.10.13"]
[SourceQuality "1"]

1. d4 e6 2. e4 d5 3. Nc3 Nf6 4. exd5 exd5 5. Bf4 Bd6 6. Qd2 0-0 7. 0-0-0 a6 8. f3 Nc6 9. g4 Be6 10. Nge2 b5 11. Ng3 Na5 12. Nf5 Bxf5 13. gxf5 b4 14. Na4 Nc4 15. Bxc4 dxc4 16. Rhg1 c3 17. Qe3 Nd5 18. Be5 f6 19. Qh6 Rf7 20. Bxd6 cxd6 21. b3 Kh8 22. Qh4 Nb6 23. Nxb6 Qxb6 24. Qe4 Raf8 25. Qd5 Qb5 26. Qxd6 Qa5 27. a4 bxa3 28. Kb1 a2+ 29. Ka1 Qxf5 30. Rd3 h6 31. Rxc3 Re8 32. Kxa2 Rd7 33. Qxa6 Rxd4 34. Kb2 Rd2 35. Qb7 Rg8 36. h4 Rd4 37. Rc7 Qe5 38. Re7 Rd7+ 39. Rxe5 Rxb7 40. Rd5 Rgb8 41. Rgd1 Kh7 42. Rd8 Rxd8 43. Rxd8 Kg6 44. c4 Kf5 45. Kc3 Kf4 46. Rd3 Kg3 47. h5 Kh4 48. Rd5 Kg3 49. Rf5 Kf2 50. b4 Ke3 51. c5 Rd7 52. c6 Rd6 53. b5 1-0

[Event "Krasnoyarsk Marchko Memorial"]
[Site "Krasnoyarsk"]
[Date "2015.12.21"]
[Round "3"]
[White "Khegay, Dmitriy"]
[Black "Piskunov, Alexandr"]
[Result "1-0"]
[WhiteElo "2405"]
[BlackElo "2303"]
[PlyCount "74"]
[EventDate "2015.12.19"]
[EventType "tourn"]
[EventRounds "9"]
[EventCountry "RUS"]
[SourceTitle "EXT 2018"]
[Source "ChessBase"]
[SourceDate "2017.10.13"]
[SourceVersion "1"]
[SourceVersionDate "2017.10.13"]
[SourceQuality "1"]

1. Nf3 d6 2. d4 Nf6 3. c4 g6 4. Nc3 Bg7 5. e4 0-0 6. h3 e5 7. d5 a5 8. Be2 Na6 9. Be3 Nh5 10. Nd2 Nf4 11. Bf1 f5 12. g3 Nxh3 13. exf5 gxf5 14. Bxh3 f4 15. Qh5 h6 16. Bxc8 Qxc8 17. Nde4 fxe3 18. fxe3 Qf5 19. Qxf5 Rxf5 20. g4 Rff8 21. Ke2 Kf7 22. g5 Rh8 23. Raf1+ Ke7 24. g6 Raf8 25. Ng3 Rxf1 26. Rxf1 Rf8 27. Rxf8 Kxf8 28. Nce4 Nc5 29. Nxc5 dxc5 30. e4 Bf6 31. Nh5 Bg5 32. Kf3 Ke7 33. b3 c6 34. d6+ Ke6 35. Kg4 b5 36. a4 b4 37. g7 Kf7 1-0

[Event "Krasnoyarsk Marchko Memorial"]
[Site "Krasnoyarsk"]
[Date "2014.12.28"]
[Round "9"]
[White "Piskunov, Alexandr"]
[Black "Anikonov, Dmitry"]
[Result "1/2-1/2"]
[WhiteElo "2364"]
[BlackElo "2226"]
[PlyCount "52"]
[EventDate "2014.12.20"]
[EventType "tourn"]
[EventRounds "9"]
[EventCountry "RUS"]
[SourceTitle "CBM 164 Extra"]
[Source "ChessBase"]
[SourceDate "2015.03.02"]
[SourceVersion "1"]
[SourceVersionDate "2015.03.02"]
[SourceQuality "1"]

1. c4 Nc6 2. Nc3 e5 3. g3 f5 4. Bg2 Nf6 5. d3 Bc5 6. e3 d6 7. Nge2 0-0 8. 0-0 Bb6 9. Nd5 Nxd5 10. cxd5 Ne7 11. Bd2 Qe8 12. Rc1 Qf7 13. Qb3 Bd7 14. Nc3 Ng6 15. Na4 Bxa4 16. Qxa4 f4 17. Qe4 Qd7 18. exf4 exf4 19. Qe6+ Qf7 20. Be4 fxg3 21. hxg3 Rae8 22. Qxf7+ Rxf7 23. Kg2 Ne5 24. Rce1 Ref8 25. f4 Nd7 26. Bc3 g6 1/2-1/2

[Event "Krasnoyarsk Marchko Memorial"]
[Site "Krasnoyarsk"]
[Date "2014.12.22"]
[Round "4"]
[White "Piskunov, Alexandr"]
[Black "Pavlov, Oleg Yuryevich"]
[Result "1-0"]
[WhiteElo "2364"]
[BlackElo "2150"]
[PlyCount "125"]
[EventDate "2014.12.20"]
[EventType "tourn"]
[EventRounds "9"]
[EventCountry "RUS"]
[SourceTitle "CBM 164 Extra"]
[Source "ChessBase"]
[SourceDate "2015.03.02"]
[SourceVersion "1"]
[SourceVersionDate "2015.03.02"]
[SourceQuality "1"]

1. e4 c6 2. d3 d5 3. Nd2 g6 4. Ngf3 Bg7 5. g3 e5 6. Bg2 Ne7 7. 0-0 0-0 8. Qe2 Qc7 9. h3 Nd7 10. b3 Re8 11. Bb2 b6 12. Rae1 Bb7 13. Qd1 a5 14. a3 h6 15. Qa1 d4 16. Re2 c5 17. a4 Ba6 18. Nc4 b5 19. axb5 Bxb5 20. Nfd2 a4 21. bxa4 Rxa4 22. Qd1 Rea8 23. f4 Nc6 24. Ref2 Ra2 25. f5 Nb4 26. fxg6 fxg6 27. h4 R2a6 28. Bh3 Rf8 29. Rxf8+ Nxf8 30. Ba3 Nd7 31. Qb1 Bf8 32. Bxb4 cxb4 33. Qb3 Nc5 34. Qxb4 Ba4 35. Nb2 Kg7 36. Nxa4 Rxa4 37. Qb5 Ra8 38. Qc4 Bd6 39. Qd5 Re8 40. Nc4 Bf8 41. Kg2 Qb7 42. h5 Qxd5 43. exd5 e4 44. dxe4 Nxe4 45. hxg6 Nf6 46. Be6 Kxg6 47. Ne5+ Kg7 48. Rf4 Bd6 49. Nc6 Bxf4 50. gxf4 Nxd5 51. Bxd5 Re2+ 52. Kf3 Rxc2 53. Nxd4 Rc3+ 54. Kg4 Kf6 55. Ne2 Re3 56. Ng3 Re1 57. Nh5+ Ke7 58. Kf5 Ra1 59. Kg6 Ra5 60. Bf3 Ra6+ 61. Kg7 Ke6 62. Bg4+ Kd5 63. Bf5 1-0

[Event "Krasnoyarsk Marchko Memorial"]
[Site "Krasnoyarsk"]
[Date "2014.12.21"]
[Round "2"]
[White "Piskunov, Alexandr"]
[Black "Koshaev, Valerij"]
[Result "1-0"]
[WhiteElo "2364"]
[BlackElo "2127"]
[PlyCount "77"]
[EventDate "2014.12.20"]
[EventType "tourn"]
[EventRounds "9"]
[EventCountry "RUS"]
[SourceTitle "CBM 164 Extra"]
[Source "ChessBase"]
[SourceDate "2015.03.02"]
[SourceVersion "1"]
[SourceVersionDate "2015.03.02"]
[SourceQuality "1"]

1. e4 d5 2. Nc3 dxe4 3. Nxe4 Nf6 4. Nxf6+ exf6 5. d4 Bd6 6. Be3 0-0 7. Bd3 Re8 8. Ne2 a6 9. c4 c6 10. h3 b5 11. b3 f5 12. 0-0 g6 13. Qd2 Nd7 14. Bg5 Be7 15. Bxe7 Qxe7 16. Rfe1 Nf6 17. Ng3 Be6 18. Bxf5 Qd7 19. Qg5 Qxd4 20. Rad1 Qb2 21. Bxe6 Rxe6 22. Rxe6 fxe6 23. Rd6 Qb1+ 24. Kh2 Ne4 25. Rd8+ Rxd8 26. Qxd8+ Kf7 27. Qc7+ Kg8 28. Qxc6 Nxg3 29. Qxe6+ Kg7 30. fxg3 bxc4 31. Qxa6 cxb3 32. Qb7+ Kf6 33. axb3 h5 34. b4 g5 35. Qf3+ Kg6 36. Qc6+ Kf5 37. b5 h4 38. g4+ Ke5 39. Qc5+ 1-0

[Event "Krasnoyarsk Marchko Memorial"]
[Site "Krasnoyarsk"]
[Date "2014.12.20"]
[Round "1"]
[White "Khegay, Dmitriy"]
[Black "Piskunov, Alexandr"]
[Result "1/2-1/2"]
[WhiteElo "2362"]
[BlackElo "2364"]
[PlyCount "79"]
[EventDate "2014.12.20"]
[EventType "tourn"]
[EventRounds "9"]
[EventCountry "RUS"]
[SourceTitle "CBM 164 Extra"]
[Source "ChessBase"]
[SourceDate "2015.03.02"]
[SourceVersion "1"]
[SourceVersionDate "2015.03.02"]
[SourceQuality "1"]

1. e4 d6 2. d4 Nf6 3. Nc3 e5 4. Nf3 Nbd7 5. Bc4 Be7 6. 0-0 0-0 7. a4 c6 8. Ba2 b6 9. Qe2 Bb7 10. Rd1 Qc7 11. Bg5 a6 12. Nh4 exd4 13. Rxd4 Nc5 14. Nf5 Ne6 15. Bxe6 fxe6 16. Nxe7+ Qxe7 17. Rad1 Rad8 18. e5 dxe5 19. Qxe5 Rxd4 20. Rxd4 Qf7 21. Rf4 c5 22. Qd6 e5 23. Rf5 Qg6 24. Rxe5 h6 25. Qxb6 Rf7 26. Qb3 hxg5 27. Re7 Bc6 28. Qe6 Qh5 29. Rxf7 Bd5 30. Rxg7+ Kxg7 31. Qe7+ Kg6 32. h3 c4 33. Qe5 g4 34. Qxh5+ Kxh5 35. hxg4+ Kxg4 36. f3+ Kf4 37. Kf2 Bf7 38. g3+ Ke5 39. Ke3 Nd5+ 40. Nxd5 1/2-1/2

[Event "RSSS-ch"]
[Site "Ekaterinburg"]
[Date "2014.09.29"]
[Round "7"]
[White "Piskunov, Alexandr"]
[Black "Chushev, Vladimir"]
[Result "1-0"]
[WhiteElo "2334"]
[BlackElo "2128"]
[PlyCount "65"]
[EventDate "2014.09.23"]
[EventType "swiss"]
[EventRounds "9"]
[EventCountry "RUS"]
[SourceTitle "EXT 2015"]
[Source "ChessBase"]
[SourceDate "2014.11.20"]
[SourceVersion "1"]
[SourceVersionDate "2014.11.20"]
[SourceQuality "1"]

1. c4 Nf6 2. Nc3 g6 3. g3 Bg7 4. Bg2 0-0 5. Nf3 d6 6. 0-0 e5 7. d3 Nc6 8. Rb1 a5 9. a3 Ne8 10. b4 axb4 11. axb4 f5 12. Qb3 Kh8 13. Bg5 Qd7 14. b5 Nd8 15. Nd5 Ne6 16. Bd2 Nc5 17. Qc2 Nf6 18. Nxf6 Bxf6 19. Bh6 Re8 20. Ng5 Qe7 21. Qd2 Be6 22. Nxe6 Qxe6 23. Be3 Rab8 24. Qb4 b6 25. Bd5 Qe7 26. f3 Bg5 27. Bf2 f4 28. Qc3 Bf6 29. Qd2 Bg5 30. Qc2 Rf8 31. Kg2 Kg7 32. Rbe1 h5 33. d4 1-0

[Event "Barnaul Lepikhin Memorial"]
[Site "Barnaul"]
[Date "2014.07.24"]
[Round "4"]
[White "Piskunov, Alexandr"]
[Black "Anufrienko, Daria"]
[Result "1-0"]
[WhiteElo "2298"]
[BlackElo "1988"]
[PlyCount "85"]
[EventDate "2014.07.21"]
[EventType "swiss"]
[EventRounds "9"]
[EventCountry "RUS"]
[SourceTitle "CBM 161 Extra"]
[Source "ChessBase"]
[SourceDate "2014.08.29"]
[SourceVersion "1"]
[SourceVersionDate "2014.08.29"]
[SourceQuality "1"]

1. e4 e6 2. d3 d5 3. Qe2 Be7 4. Nf3 Nf6 5. e5 Nfd7 6. g3 c5 7. Bg2 Nc6 8. h4 b6 9. 0-0 Bb7 10. c4 d4 11. Bf4 h6 12. h5 Qc7 13. Nbd2 0-0-0 14. g4 g6 15. hxg6 Rdg8 16. gxf7 Rxg4 17. Bg3 Nd8 18. Nh4 h5 19. Ndf3 Nxf7 20. Nf5 exf5 21. e6 f4 22. exf7 Bd8 23. Qe8 Rf8 24. Rae1 fxg3 25. Re7 Qd6 26. Rxd7 Qxd7 27. Qxf8 Rf4 28. Ne5 Qf5 29. Qg7 Bxg2 30. f8Q Qxf8 31. Qd7+ Kb8 32. f3 Bc7 33. Nc6+ Kb7 34. Kxg2 Rf6 35. Re1 Rxf3 36. Qd5 Rf5 37. Na5+ Kc8 38. Qb7+ Kd8 39. Qa8+ Kd7 40. Qc6+ Kd8 41. Nb7+ Kc8 42. Re8+ Qxe8 43. Qxe8+ 1-0

[Event "Barnaul Lepikhin Memorial"]
[Site "Barnaul"]
[Date "2014.07.22"]
[Round "2"]
[White "Piskunov, Alexandr"]
[Black "Nikonov, Yury"]
[Result "1/2-1/2"]
[WhiteElo "2298"]
[BlackElo "2070"]
[PlyCount "123"]
[EventDate "2014.07.21"]
[EventType "swiss"]
[EventRounds "9"]
[EventCountry "RUS"]
[SourceTitle "CBM 161 Extra"]
[Source "ChessBase"]
[SourceDate "2014.08.29"]
[SourceVersion "1"]
[SourceVersionDate "2014.08.29"]
[SourceQuality "1"]

1. c4 b6 2. Nc3 Bb7 3. e4 e6 4. Nf3 Bb4 5. Qb3 Bxc3 6. Qxc3 Bxe4 7. Qxg7 Qf6 8. Qxf6 Nxf6 9. Be2 Rg8 10. 0-0 Bb7 11. d4 Nc6 12. g3 0-0-0 13. Rd1 Ne7 14. Ne5 Nf5 15. Nxf7 Rdf8 16. Nh6 Nxh6 17. Bxh6 Rf7 18. Rf1 Ng4 19. Bd2 h5 20. h3 Nf6 21. Kh2 Ng4+ 22. Kg1 Nf6 23. Be3 Ne4 24. Kh2 Rf5 25. Rae1 a5 26. Bf4 Kb8 27. f3 Nd6 28. Bxd6 cxd6 29. f4 Rgf8 30. h4 a4 31. Rc1 Be4 32. Rc3 Bc6 33. Kg1 Rg8 34. Re3 Kc7 35. Kf2 Rh8 36. Rd1 Rhf8 37. Ke1 Ra8 38. Kd2 Raa5 39. Kc3 Rf8 40. a3 Rg8 41. Kb4 Rf5 42. d5 exd5 43. cxd5 Bxd5 44. Bd3 Bb3 45. Bxf5 Bxd1 46. Rc3+ Kd8 47. Kb5 Re8 48. Bc2 Bxc2 49. Rxc2 Re3 50. Rc3 Re2 51. Kxb6 Rxb2+ 52. Ka5 Rb3 53. Rc1 Rxa3 54. Rg1 Ke7 55. Kb4 Ra2 56. Rd1 Ke6 57. Re1+ Kd5 58. Re7 Rb2+ 59. Kxa4 Kc4 60. Ka5 Kc5 61. Ka4 Kc4 62. Ka5 1/2-1/2

[Event "Koltsovo op"]
[Site "Koltsovo"]
[Date "2014.07.04"]
[Round "7"]
[White "Piskunov, Alexandr"]
[Black "Mikhalev, Vladimir"]
[Result "1-0"]
[WhiteElo "2298"]
[BlackElo "2150"]
[PlyCount "91"]
[EventDate "2014.06.28"]
[EventType "swiss"]
[EventRounds "9"]
[EventCountry "RUS"]
[SourceTitle "CBM 161 Extra"]
[Source "ChessBase"]
[SourceDate "2014.08.29"]
[SourceVersion "1"]
[SourceVersionDate "2014.08.29"]
[SourceQuality "1"]

1. c4 c5 2. Nc3 Nc6 3. g3 g6 4. Bg2 Bg7 5. e3 d6 6. Nge2 h5 7. d4 cxd4 8. exd4 h4 9. Be3 Nh6 10. d5 Ne5 11. f4 Neg4 12. Bd4 Nf6 13. Ne4 Nf5 14. Nxf6+ Bxf6 15. Bxf6 exf6 16. Qd2 Qb6 17. Qc3 Ne3 18. Bf3 Bf5 19. Kd2 0-0 20. c5 Nc4+ 21. Qxc4 Qxb2+ 22. Ke3 dxc5 23. Kf2 Rfe8 24. Qb3 Qd2 25. Rad1 Qa5 26. gxh4 b5 27. Qb2 Qb6 28. Ng3 Bh3 29. Ne4 Kg7 30. d6 Re6 31. Ng5 c4+ 32. Kg3 Re3 33. Nxh3 Rae8 34. Qd4 Qc6 35. Qd5 Qd7 36. Nf2 a5 37. Ng4 Ra3 38. Rhe1 Rxe1 39. Rxe1 Rd3 40. Re7 Rxd5 41. Rxd7 Rd3 42. Nf2 Rd4 43. Ne4 b4 44. Rc7 a4 45. d7 b3 46. Rxc4 1-0

[Event "Krasnoyarsk Marchko Memorial"]
[Site "Krasnoyarsk"]
[Date "2013.12.28"]
[Round "8"]
[White "Mikhalchenko, Petr"]
[Black "Piskunov, Alexandr"]
[Result "1-0"]
[WhiteElo "2350"]
[BlackElo "2328"]
[PlyCount "67"]
[EventDate "2013.12.21"]
[EventType "swiss"]
[EventRounds "9"]
[EventCountry "RUS"]
[SourceTitle "CBM 158 Extra"]
[Source "ChessBase"]
[SourceDate "2014.02.28"]
[SourceVersion "1"]
[SourceVersionDate "2014.02.28"]
[SourceQuality "1"]

1. d4 d6 2. e4 Nf6 3. Nc3 e5 4. Nge2 Be7 5. f3 c6 6. g4 0-0 7. Be3 Nfd7 8. d5 Nb6 9. Ng3 Bg5 10. Qd2 Bxe3 11. Qxe3 cxd5 12. exd5 Na6 13. h4 Bd7 14. Nf5 Bxf5 15. gxf5 Nc5 16. 0-0-0 Qe7 17. Rg1 Qxh4 18. Rg4 Qe7 19. Bb5 f6 20. Rh1 Kf7 21. Rxh7 Rg8 22. Qh6 Kf8 23. Rgxg7 Qxg7 24. Rxg7 Rxg7 25. Qxf6+ Kg8 26. Qxd6 Rc8 27. b4 Nb3+ 28. axb3 Rxc3 29. Qe6+ Kh8 30. Qe8+ Kh7 31. f6 Rgc7 32. Bd3+ Rxd3 33. Qh5+ Kg8 34. Qg6+ 1-0

[Event "Krasnoyarsk City-ch"]
[Site "Krasnoyarsk"]
[Date "2013.10.04"]
[Round "2"]
[White "Piskunov, Alexandr"]
[Black "Koshaev, Valerij"]
[Result "1-0"]
[WhiteElo "2314"]
[BlackElo "2146"]
[PlyCount "89"]
[EventDate "2013.10.03"]
[EventType "swiss"]
[EventRounds "11"]
[EventCountry "RUS"]
[SourceTitle "EXT 2014"]
[Source "ChessBase"]
[SourceDate "2013.11.20"]
[SourceVersion "1"]
[SourceVersionDate "2013.11.20"]
[SourceQuality "1"]

1. e4 d5 2. Nc3 e6 3. d3 Nf6 4. e5 Nfd7 5. f4 c5 6. Nf3 Nc6 7. g3 a6 8. Bh3 b5 9. Qe2 Nb6 10. 0-0 b4 11. Nd1 Be7 12. Ne3 g6 13. Bd2 Bb7 14. Rae1 Qc7 15. Ng4 h5 16. Nf6+ Bxf6 17. exf6 0-0-0 18. c3 bxc3 19. bxc3 Rhe8 20. Rb1 Nd7 21. Be3 Qa5 22. Ng5 Rf8 23. Rb3 Rde8 24. Rfb1 Nd8 25. Qf2 Bc6 26. Nf3 Bb5 27. Bxc5 Bxd3 28. Bb4 Qc7 29. Bxf8 Bxb1 30. Bf1 Nb8 31. Bc5 Bxa2 32. Bb6 Bxb3 33. Bxc7 Kxc7 34. Ne5 Nb7 35. Qb2 Ba4 36. Qb4 Bc6 37. Nxf7 a5 38. Qa3 Nd7 39. Ba6 Ra8 40. Bxb7 Kxb7 41. Nd6+ Kc7 42. f7 a4 43. Ne8+ Kd8 44. Qd6 a3 45. f8Q 1-0